Marketing et stratégies bancaires <la> métamorphose

Guardado en:
Detalles Bibliográficos
Autor principal: Zollinger, Monique
Formato: Libro
Lenguaje:francés
Publicado: Paris DUNOD 1992
Materias:
Etiquetas: Agregar Etiqueta
Sin Etiquetas, Sea el primero en etiquetar este registro!

MARC

LEADER 00000nam$a2200000$$$4500
001 0112768
005 20221205071657.2
020 |a 2-10-001538-9 
041 0 |a fre 
044 |a FR 
245 1 0 |a Marketing et stratégies bancaires  |b <la> métamorphose  |c Monique Zollinger 
264 1 |a Paris  |b DUNOD  |c 1992 
300 |a 181 s. 
610 2 0 |a marketing 
610 2 0 |a banky 
100 1 |a Zollinger, Monique